000 00620nam a2200205Ia 4500
005 20250609105549.0
008 008 250516s9999 xx 000 0 eng d
020 _a9789811292507
040 _beng
_cSDCL
041 _aeng
_2eng
084 _aX81:8 R4
100 _aJarrow, Robert A.
_9457050
245 0 _aIntroduction to derivative securities, financial markets, and risk management
250 _a3rd ed.
260 _aChennai :
_bWorld Scientific Publishing,
_c2024.
300 _axxxi, 730p.
650 _aBusiness Economics and Finance
_9812137
700 _aChatterjea, Arkadev
942 _cTEXL
_2CC
999 _c1429117
_d1429117